MARC

LEADER 00000nam0a2200000 4500
001 224066
005 20231101230552.0
010 |a 5282004178 
035 |a (RuTPU)RU\TPU\book\244341 
090 |a 224066 
100 |a 20121018d1989 m y0rusy50 ca 
101 0 |a rus 
102 |a RU 
105 |a y z 001zy 
200 1 |a Управление научно-техническим прогрессом в АПК: теория и практика  |f А. М. Смолянов 
210 |a Москва  |c Экономика  |d 1989 
215 |a 263 с. 
320 |a Библиогр.: с. 257-260. 
606 1 |a Агропромышленный комплекс, предприятия  |x Экономика  |2 stltpush  |3 (RuTPU)RU\TPU\subj\69829  |9 84518 
610 1 |a АПК 
610 1 |a научно-технический прогресс 
610 1 |a управление 
610 1 |a продовольственная программа 
610 1 |a хозрасчет 
610 1 |a сельское хозяйство 
610 1 |a интенсификация 
610 1 |a интегрированные системы 
686 |a У9(2)32  |v LBC/SL-A  |2 rubbk 
700 1 |a Смолянов  |b А. М.  |g Александр Михайлович 
801 1 |a RU  |b 63413507  |c 20121018 
801 2 |a RU  |b 63413507  |c 20131003  |g RCR 
942 |c BK